| 000 | 01291nam a22003017a 4500 | ||
|---|---|---|---|
| 001 | 7319 | ||
| 003 | FISKH | ||
| 005 | 20250709115320.0 | ||
| 008 | 250709b cb ||||| |||| 00| 0 eng d | ||
| 020 | _a9781402713187 | ||
| 040 |
_aFISKH _beng _cFISKH _dFISKH |
||
| 050 | _aPZ7.T1289 T | ||
| 082 | _a 813.6 | ||
| 100 |
_aStevenson, Louis Robert _d(1850–1894) |
||
| 245 |
_aTreasure island / _cRetold from the Robert Louis Stevenson ; Original by Chris Tait ; Illustrated by Lucy Corvino |
||
| 250 | _aThis edition first published in 2005 | ||
| 260 |
_aWindsor : _bSterling, _c2005 |
||
| 300 |
_a150 pages : _billustrations ; _c20 cm |
||
| 505 | _aN | ||
| 520 | _aA shipwreck; a deserted island; a single family, wondering if they can survive. Rich in suspense and surprises, The Swiss Family Robinson entices young readers to come along on a wonderful adventure, where each moment brings a new thrill. Featuring amazingly resourceful characters and a wondrous landscape bursting with exotic wildlife and plants, it's an irresistible tale of ingenuity. | ||
| 521 | 8 |
_a570
_bLexile |
|
| 521 | 8 |
_aN
_bRaz-Plus |
|
| 650 |
_2Adventure _aPirates |
||
| 650 |
_2Juvenile fiction _aClassic Starts |
||
| 700 |
_aCornivo, Lucy _dillustrator |
||
| 942 |
_2ddc _cBK _n0 |
||
| 999 |
_c7319 _d7319 |
||